000 01193cam a2200229 4500
001 ABS66689
008 030529n2003 000 0 eng u
035 _a(Sirsi) u122469
100 _aBurns, M.
245 _aStop arguing and get back to work
260 _c2003
490 _aEstates Gazette
_v(0319) 10 May 2003, 110-111(2)
520 _aIn a "Mainly for students" article, the usefulness of adjudication as a method of resolving constuction disputes is explained. Describes the work of the RICS dispute resolution service and its key features such as the encouragement given to parties to settle their dispute outside court. Argues that in practice most adjudictors' decisions resolve the dispute for certain types of complex disputes. With brief notes on other methods of resolving construction disputes and issues for the adjudicator.
590 _aABS
650 _aRICS DISPUTE RESOLUTION SERVICE
650 _aHOUSING GRANTS, CONSTRUCTION AND REGENERATION ACT 1996
650 _aCIVIL PROCEDURE RULES
650 _aSCHEME FOR CONSTRUCTION CONTRACTS (ENGLAND AND WALES) REGULATIONS 1998
650 _aLATHAM REFORMS
690 _aDispute resolution
_96236
942 _n0
999 _c72793
_d72793